O rozvoji socialistickej kultúry /

Hlavní autor: Paška, Pavel, 1917-2013
Jazyk: Slovenština
Vydáno: Bratislava : Pravda, 1987
Vydání: 1. vyd.
Edice: Človek a umenie
Fyzický popis: 234 s.
Knihy
Uloženo v:
LEADER 00719nam a22002292a 4500
001 000121387
003 CZ BrMZK
005 19961101143423.0
007 ta
008 950101s1987 xo f slo d
040 |a BOA001  |b cze 
080 |a 008(1-664)  |2 MRF 
100 1 |a Paška, Pavel,  |d 1917-2013  |7 mzk2002144649  |4 com 
245 1 0 |a O rozvoji socialistickej kultúry /  |c Zost. Pavel Paška a Martin Čičidla ; [prel. z ruštiny] 
250 |a 1. vyd. 
260 |a Bratislava :  |b Pravda,  |c 1987 
300 |a 234 s. 
490 1 |a Človek a umenie 
830 0 |a Človek a umenie 
910 |a BOA001  |b 2-0914.466 
990 |a BK 
996 7 |b 2619970984  |c 2-0914.466  |l MZK  |r Sklad / do 1 hodiny  |n 0  |w 000121387  |u 000010  |a 1  |e BOA001  |j MZK50  |s A